ბათუმის შოთა რუსთაველის სახელმწიფო უნივერსიტეტის ბიბლიოთეკა

ჩანაწერი Topical Term

ჩანაწერთა რაოდენობა, რომელიც გამოყენებულია: 1

001 - CONTROL NUMBER

  • control field: 12338

003 - CONTROL NUMBER IDENTIFIER

  • control field: GE_BSU

005 - DATE AND TIME OF LATEST TRANSACTION

  • control field: 20210731141444.0

008 - FIXED-LENGTH DATA ELEMENTS

  • fixed length control field: 210731|| aca||aabn | a|a d

040 ## - CATALOGING SOURCE

  • Original cataloging agency: GE_BSU
  • Transcribing agency: GE_BSU

150 ## - HEADING--TOPICAL TERM

  • Topical term or geographic name entry element: Geopolitics.

670 ## - SOURCE DATA FOUND

  • Source citation: Work cat.: (GE_BSU)0: Black, Jeremy 1955- author. 12337, Geopolitics and the quest for dominance /